What the Bible teaches. (Record no. 5796)

000 -LEADER
fixed length control field 00889nam a2200241 a 4500
001 - CONTROL NUMBER
control field :::00003538$&:&@@
003 - CONTROL NUMBER IDENTIFIER
control field OkBaRHE
005 - DATE AND TIME OF LATEST TRANSACTION
control field 20000607103307.0
008 - FIXED-LENGTH DATA ELEMENTS--GENERAL INFORMATION
fixed length control field s1983 j 000 0 eng u
040 ## - CATALOGING SOURCE
Transcribing agency
100 1# - MAIN ENTRY--PERSONAL NAME
Personal name Wilson, Tom,
245 10 - TITLE STATEMENT
Title What the Bible teaches.
Statement of responsibility, etc With Authorised version of the Bible.
260 ## - PUBLICATION, DISTRIBUTION, ETC. (IMPRINT)
Place of publication, distribution, etc Kilmarnock, UK:ST., :
Name of publisher, distributor, etc John Ritchie Ltd.
Date of publication, distribution, etc c1983
300 ## - PHYSICAL DESCRIPTION
Extent 414 p. ;
Dimensions 25 cm.
490 0# - SERIES STATEMENT
Series statement Ritchie New Testament commentaries.
650 ## - SUBJECT ADDED ENTRY--TOPICAL TERM
Topical term or geographic name as entry element Bible New Testament Colossians
General subdivision Commentaries
650 ## - SUBJECT ADDED ENTRY--TOPICAL TERM
Topical term or geographic name as entry element Bible New Testament Ephesians
General subdivision Commentaries
650 ## - SUBJECT ADDED ENTRY--TOPICAL TERM
Topical term or geographic name as entry element Bible New Testament Galatians
General subdivision Commentaries
650 ## - SUBJECT ADDED ENTRY--TOPICAL TERM
Topical term or geographic name as entry element Bible New Testament Philemon
General subdivision Commentaries
650 ## - SUBJECT ADDED ENTRY--TOPICAL TERM
Topical term or geographic name as entry element Bible New Testament Philippians
General subdivision Commentaries
942 ## - ADDED ENTRY ELEMENTS (KOHA)
Source of classification or shelving scheme
Koha item type Books
Copies
Date last seen Copy number Source of classification or shelving scheme Permanent Location Not for loan Barcode Price effective from Koha item type Date acquired Damaged status Full call number Withdrawn status Shelving location Lost status
2018-04-031 RHEMA Bible Training College 35382010-04-14Books2010-04-14 BS 2685 .W49 General Stacks